Vista normal
Vista MARC
Entrada Topical Term
Número de registros utilizados en: 2
001 - CONTROL NUMBER
- control field: 10193
003 - CONTROL NUMBER IDENTIFIER
- control field: OSt
005 - DATE AND TIME OF LATEST TRANSACTION
- control field: 20230915230144.0
008 - FIXED-LENGTH DATA ELEMENTS
- fixed length control field: 230915|| aca||aabn | a|a d
040 ## - CATALOGING SOURCE
- Original cataloging agency: OSt
- Transcribing agency: OSt
150 ## - HEADING--TOPICAL TERM
- Topical term or geographic name entry element: Política CULTURAL, BIODIVERSIDAD, IDENTIDAD NACIONAL, INDIGENISMO, MOVIMIENTO INDIGENA, ANTROPOLOGIA
670 ## - SOURCE DATA FOUND
- Source citation: Work cat.: (OSt)20901: Instituto Colombiano de Antropología 10192, Antropología en la modernidad : , Colombia